000 00980nam a2200301 i 4500
003 EG-GICUC
005 20260121101510.0
008 251216s1931 fr ||||fr|||| 00| 0 fre d
040 _aEG-GiCUC
_bfre
_cEG-GiCUC
_dEG-GiCUC
_eRda
041 _afre
082 0 4 _221
_a341.22
_bRO . P
092 0 4 _221
099 _aLaw1 11 341.22 RO . P 1931
100 1 _aRolin, Henri A. .
_eAuteur
245 1 3 _aLa Politique De La Belgique Dans La Société Des Nations /
_cHenri A. Rolin.
264 1 _aGeneve :
_bLibrairie Kundig,
_c1931.
300 _a87 page ;
_c 24 cm.
336 _2rda contenu
_a texte
337 _2rda medias
_aOrdinateur
338 _2 transporteur rda
_a Ressource en ligne
504 _aInclude Bibliographic references
546 _aTexte en français
650 1 4 _aSociété des Nations
_xDroit international public
_2qrmak
651 1 _2qrmak
856 4 0 _uhttps://fll.law.cu.edu.eg/fulltext/bks/B11-05088.pdf
905 _a75
942 _2ddc
_n0
_cBK
_e21
999 _c50841
_d50841